Japon eğitim sistemi ve özel dersaneler (Record no. 4048)

MARC details
000 -BAŞLIK
Sabit Uzunlukta Kontrol Alanı 00675na a2200217 4500
001 - KONTROL NUMARASI
Denetim Alanı 19979
003 - KONTROL NUMARASI IDENTIFIER
Denetim Alanı MIRAKIL
005 - SON İŞLEM TARİHİ VE ZAMANI
Denetim Alanı 20181213154951.0
008 - SABİT-BOY VERİ ELEMANLARI - GENEL BİLGİLER
Sabit Uzunlukta Kontrol Alanı 161229b tu 000 0
040 ## - KATALOGLAMA KAYNAK
Orijinal Kataloglama Ajansı Milas
Kataloglama Dili tur
Metne Dönüştürmek Ajansı TR-AnCHP
041 ## - DİL KODU
Metin / Ses Parça Veya Ayrı Başlığın Dil Kodu tur
082 ## - DEWEY ONLU SINIFLANDIRMA NUMARASI
Sınıflandırma Numarası 379.0952
Ürün Numarası J26 [t.y.]
090 ## - SINIFLAMA NUMARASI
Sınıflama Numarası 379.0952 J26 [t.y.]
245 ## - BAŞLIK TABLOSU
Başlık Japon eğitim sistemi ve özel dersaneler
Sorumluluk Tablosu, Vb Öz-De-Bir
260 ## - YAYIN, DAĞITIM, VB
Yayın, Dağıtım, Vb Yeri Ankara
Yayıncı, Dağıtıcı, Vs Adı Özel Dersaneler Birliği Derneği İnceleme ve Araştırma Yayınları
Yayın, Dağıtım, Vb Tarihi [t.y.]
300 ## - FİZİKSEL TANIM
Kapsam 48 s.
Boyutlar 28 sm.
650 ## - KONU KATMA GİRİŞ - TOPİKAL DÖNEM
Topikal Süreli Veya Coğrafi Ad Giriş Elemanı Eğitim sistemi
Genel Alt Bölümü Özel dersaneler
Coğrafi Alt Bölümü Japonya
651 ## - KONU KATMA GİRİŞ - COĞRAFİ ADI
Coğrafi İsim Japonya
Genel Alt Bölümü Eğitim
710 ## - KATMA GİRİŞ - KURUMSAL ADI
Giriş Elemanı Olarak Kurumsal Ad Veya Yargı Alanı Adı Özel Dersaneler Birliği Derneği
942 ## - EKLENDİ GİRİŞ ELEMANLARI (KOHA)
Sınıflandırma Veya Raf Düzeni Kaynak Dewey Decimal Classification
Koha Öğesi Türü Books
999 ## - SİSTEM KONTROL NUMARALARI (KOHA)
Koha Biblionumber 4048
Koha Biblioitemnumber 4048
Holdings
Kalıcı Konum Mevcut Konum Edinme Tarihi Edinim Kaynak Toplam Check-Out'Lar Tam Çağrı Numarası Barkod Tarih Son Görülme İtibaren Geçerli Fiyatlar Koha Öğesi Türü
CHP Kütüphanesi CHP Kütüphanesi 12/29/2016 Bağış   379.0952 J26 [t.y.] 010389 12/29/2016 12/29/2016 Books